000 00527nam a22001817a 4500
999 _c7697
_d7697
003 OSt
005 20220217094440.0
008 220217b ||||| |||| 00| 0 eng d
020 _a978-0-19-558345-8
040 _cDDC
082 _a631.42 MCL 2012
100 _aMcleren, R.G, Cameroon,K.C
_915725
245 _aSoil science:
_bSustainable production and environmental protection
260 _aAustralia:
_bOxford University,
_c2012
300 _aix,304p.
_bill;
_c24cm
504 _aincludes appendix index
942 _2ddc
_cBOOK